MDQL
is popping MORE tags! Check the
thread
!
Quizzes
Events
Quiz Creation
Community
Videos
Private Events
Remove Ads
Sign In
Join for FREE
Feedback
Dark Mode
Quiz Categories
Sports
Geography
Music
Movies
Television
Just For Fun
Miscellaneous
History
Literature
Language
Science
Gaming
Entertainment
Religion
Holiday
For Kids
Quiz Lab
Recent
Popular Today
Quiz Kudos Today
Editor Picks
Curator Picks
Quizzes by...
Day
Popularity
Type
Ratings
Length
Year
Community
Subscriptions
Recent Discussions
Orange Saloon
Badges
Playlists
Quests
Create
Leaderboards
Showdown
Live 5
Trivia Bingo
Activity
Puzzle Library
Sporcle Events
Private Events
Virtual Trivia
Globe League
Become a Host
Pub Owners
SporcleCon
Opinionation
Our Games
Videos
Blog
Mobile Apps
Partnerships
Remove Ads and Go Orange
Feedback
Sports
Athletes
MLB
NBA
NHL
NFL
Soccer
Sports Teams
WWE
NCAA
Football
Premier League
Basketball
Baseball
Hockey
Golf
Tennis
Cricket
Rugby
Auto Racing
Olympics
World Cup
Sports
Athletes
MLB
NBA
NHL
NFL
Soccer
Sports Teams
WWE
NCAA
Football
Premier League
Basketball
Baseball
Hockey
Golf
Tennis
Cricket
Rugby
Auto Racing
Olympics
World Cup
Random Quiz
Search Sporcle
×
Quiz Lab
Quiz Lab
Sports
Formula 1
Type in answers that appear in a list
Type in answers that appear in a list
Classic
Best Score? Go Orange.
The most successful Formula 1 Champions in order Stats
Can you name the statistically most successful Formula 1 Champions in order*?
By
Platonicus
10m
33 Questions
1,941 Plays
1,941 Plays
1,941 Plays
Comments
Comments
Give Quiz Kudos
Give Quiz Kudos
-
- Ratings
hide this ad
More Info
No Skip
Answers have to be entered in order without skipping
Answers have to be entered in order without skipping
Replay
Link that replays current quiz
Next Quiz
Link to next quiz in quiz playlist
You Got
0%
They Got
Avg Score
60%
Avg Friend Score
Upgrade to see
Score Distribution
Jump to the score distribution portion of the page
Score
0/33
Timer
10:00
0
Plays Today
Place
Driver
% Correct
?
???
100%
?
???
96.6%
?
???
95.2%
?
???
94%
?
???
92.4%
?
???
85.9%
?
???
84.6%
?
???
81.5%
?
???
77.7%
?
???
73.6%
?
???
71.8%
?
???
68.6%
?
???
67.1%
?
???
64.6%
?
???
63%
?
???
62.2%
?
???
60.5%
Place
Driver
% Correct
?
???
60.4%
?
???
57.2%
?
???
55.6%
?
???
54%
?
???
50.3%
?
???
47%
?
???
45.1%
?
???
43.1%
?
???
40.2%
?
???
37.9%
?
???
36.2%
?
???
34.4%
?
???
32.7%
?
???
32.3%
?
???
31.1%
?
???
29.9%
Quiz Playlist
Details
Report
Send in Message
Add To Playlist
More Info:
*as of the end of season 2018 / for drivers with the same amount of wins, the one with more points needs to be named first
Classic:
Type in answers that appear in a list
No Skip:
Answers have to be entered in order without skipping
Last Updated: Mar 13, 2019
Quiz Scoreboard
CHALLENGE
Sign Up to Join the Scoreboard
Show All
Scores
Hide
Comments
May contain spoilers
Recently Published
5x2 Blitz: Bands
by SL_Kpop136
Music
30s
Colored Red Africa Blitz
by spor1
Geography
30s
Find the 'City' Movie
by crazypaving
Movies
60s
More to Explore
Quiz From the Vault
Featured Blog Post
14 Easter Pick-up Lines to Find Eggs With
hide this ad
You Might Also Like...
Tags
Formula 1
Formula One
Today's Top Quizzes in Sports
Browse Sports
hide this ad
Today's Top Quizzes in Formula 1
Browse Formula 1
Top Contributed Quizzes in Sports
1
Les entraîneurs de l'OM et du PSG au 21e siècle
2
Les meilleurs buteurs des matchs entre le PSG et l’OM
3
Les joueurs passés par le PSG et l'OM
4
Players with Multiple 50 Home Run Seasons
5
2022 World Cup Stars
6
Criteria MLB: Left Handed Sluggers
7
NBA Logic Puzzle 2.0
8
MLB Players with Two .350 Batting Average Seasons
9
Top 10 NHL Goal Scorers of All Time
10
Les joueurs passés par le LOSC et le RC Lens
Explore More
Trending Topics
Harry Potter
NBA
Anime
Marvel
Kpop
Crossword
Disney
Song
NFL
Puzzle
Country
Soccer
The Office
Pokémon
WWE
hide this ad
More By:
Platonicus
Quiz
Plays
Rating
Category
Featured
Created
Famous Ancient Greeks
63,671
4.70
History
Jul 15, 2013
Famous Ancient Romans
30,074
4.62
History
Aug 5, 2013
People Who Witnessed 1492
27,695
4.54
History
Jan 30, 2014
German numbers 1-20 (clickable minefield)
11,896
4.57
Language
Aug 5, 2012
German Geography Bunker
6,739
3.95
Geography
May 7, 2014
Go to Creator's Profile
Score Distribution
Quiz Creator Spotlight
Platonicus
Follow
Send a Message
Quizzes Created
-
Created Quiz Play Count
-
More By This Creator
Popular Quizzes Today
1
Colored Red Africa Blitz
2
Find the 'City' Movie
3
Find the US States - No Outlines Minefield
4
5x2 Blitz: Bands
5
The Countries of the World
6
Find the US States
7
US States
8
Find the Countries of Europe - No Outlines Minefield
More Sports Quizzes
Snippets: NHL Teams
Published
Trending Quizzes
Colored Red Europe Blitz I
Colored Red Africa Blitz II
Colored Red Europe Blitz II
Colored Red Europe Blitz III
Colored Red Africa Blitz III
Recently Updated
How Do You Spell That?
pecheneg
Godzilla Movies
pecheneg
Grab Bag: 4-10 Letters
pecheneg
2024 March Madness Bracket
pecheneg
Famous TV Couples
Peacemaker
Champions League XIs: Real Madrid
pecheneg
Largest US Cities 1790-2010
pecheneg
Rides in Walt Disney World
pecheneg
Most Oscar Losses (Acting)
pecheneg
Beyoncé Albums
pecheneg
Trending Topics
Crossword
Disney
Anime
NBA
Harry Potter
Marvel
Kpop
NFL
Song
WWE
The Office
Puzzle
Pokémon
Soccer
Country
Your Account Isn't Verified!
In order to create a playlist on Sporcle, you need to verify the email address you used during registration. Go to your
Sporcle Settings
to finish the process.
Report this User
Report this user for behavior that violates our
Community Guidelines
.
Details:
Send Report
Go to the Sporcle.com Mobile Site →
Comments